Chansons de Jean-Jacques Goldman - Mort subite - Statistiques

Statistiques générales
  • Ce quiz a été pris 493 fois
  • Le résultat moyen est 6 sur 20
Answers on the Grid
Answers color-coded by a green-red scale on the quiz's grid according to % correct below.
Aimer à perdre la raison
Autre histoire
Belle
Brouillard
C'est dit
C'est pas vrai
C'est ta chance
Coeur grenadine
Comme un ouragan
D'eux
Elle attend
Envole moi
Etre le premier
Goutte de pluie
Il y a
J'ai cherché
J'y vais
Jamais content
Je ne suis pas un héros
Je ne vous parlerai pas d'elle
Jeanine médicament blues
Juste après
L'envie
L'on y peut rien
La corrida
Le coureur
Le diner
Le Rapt
Les gens qu'on aime
Minoritaire
Pas l'indifférence
Petite fille
Quand la bouteille est vide
Qui a le droit
Revons
Si tu m'aimes encore
Si tu m'emmènes
Ta main
Une autre histoire
Veiller tard
 
Statistiques - réponses
Réponse % Correct
Envole moi
89%
C'est ta chance
64%
Elle attend
53%
Juste après
39%
Il y a
37%
L'on y peut rien
34%
Je ne vous parlerai pas d'elle
33%
Veiller tard
30%
Pas l'indifférence
29%
Petite fille
26%
Etre le premier
25%
Jeanine médicament blues
24%
C'est pas vrai
21%
Quand la bouteille est vide
19%
Minoritaire
18%
Autre histoire
15%
Si tu m'emmènes
14%
Le coureur
13%
Le Rapt
12%
Brouillard
11%
Aucun quiz correspondant
Distribution des résultats
% des personnes avec chaque résultat
Percentile par nombre de réponses
Votre historique - résultats
Vous n’avez pas pris ce quiz